000 01054nam0a2200325 4500
001 RU\NLR\bibl\235106
005 20250619112230.0
010 _a5-04-000547-4
_95000
021 _aRU
_b2001-40401
_91915
035 _a(NLR Aleph) 000231035
090 _a1344577
_c1344577
100 _a20020212d2001 |||y0rusy50 ca
101 0 _arus
102 _aRU
105 _aa |||||||||
200 1 _aЕвропейская кухня
210 _aМ.
_cЭКСМО-Пресс
_d2001
215 _a350,[1] с., [4] л. цв. ил.
_cил.
_d24
225 1 _aЛакомка
606 0 _aКулинарное производство
_xЕвропейская кухня
_91014658
_3RU\NLR\auth\66386801
606 0 _aЕвропейская кухня
_92095106
_3RU\NLR\auth\661267715
675 _a641.568(4)(083.12)
_v3
_zrus
686 _a36.997
_2rubbk
686 _aЛ997(3)Европейская
801 0 _aRU
_bRKP
_c20020212
_gPSBO
801 1 _aRU
_bRKP
_c20020212
801 2 _aRU
_bNLR
_c20020408
_grcr
942 _cBOOK
980 _aNB